Mosby's textbook for nursing assistants : (Record no. 42543)
[ view plain ]
| 000 -LEADER | |
|---|---|
| fixed length control field | 01135cam a2200253 i 4500 |
| 001 - CONTROL NUMBER | |
| control field | 19951814 |
| 005 - DATE AND TIME OF LATEST TRANSACTION | |
| control field | 20180215031001.0 |
| 008 - FIXED-LENGTH DATA ELEMENTS--GENERAL INFORMATION | |
| fixed length control field | 170823s2017 moua 001 0 eng |
| 010 ## - LIBRARY OF CONGRESS CONTROL NUMBER | |
| LC control number | 2016499991 |
| 020 ## - INTERNATIONAL STANDARD BOOK NUMBER | |
| International Standard Book Number | 9780323319768 |
| 020 ## - INTERNATIONAL STANDARD BOOK NUMBER | |
| International Standard Book Number | 0323319769 |
| 040 ## - CATALOGING SOURCE | |
| Original cataloging agency | DLC |
| Language of cataloging | eng |
| Description conventions | rda |
| Transcribing agency | DLC |
| Modifying agency | DLC |
| 041 ## - LANGUAGE CODE | |
| Language code of text/sound track or separate title | eng |
| 042 ## - AUTHENTICATION CODE | |
| Authentication code | pcc |
| 080 ## - UNIVERSAL DECIMAL CLASSIFICATION NUMBER | |
| Universal Decimal Classification number | 610.7306 |
| 082 00 - DEWEY DECIMAL CLASSIFICATION NUMBER | |
| Classification number | 610.7306 KEL |
| Edition number | 23 |
| 100 1# - Rafti | |
| Rafti | 2 |
| 101 ## - Shkurtesa | |
| Shkurtesa | INF |
| 245 10 - TITLE STATEMENT | |
| Title | Mosby's textbook for nursing assistants : |
| Statement of responsibility, etc | Relda T. Kelly, RN, MSN, Professor Emeritus, Kankakee Community College, Kankakee, Illinois, Parish Nurse, Wesley United Methodist Church, Bradley, Ilinois ; procedure checklists by Helen Chigaros, RN, BS, MSN, CRRN, CNS, Professor Emeritus, Kankakee Community College, Director, Azzarelli Outreach Clinic, St. Teresa Roman Catholic Church, Parish Nurse, St. Teresa Roman Catholic Church, Kankakee, Illinois. |
| 246 1# - VARYING FORM OF TITLE | |
| Title proper/short title | Textbook for nursing assistants |
| 906 ## - LOCAL DATA ELEMENT F, LDF (RLIN) | |
| a | 7 |
| b | cbc |
| c | origcop |
| d | 2 |
| e | ncip |
| f | 20 |
| g | y-gencatlg |
| 942 ## - ADDED ENTRY ELEMENTS (KOHA) | |
| Source of classification or shelving scheme | |
| Item type | Books |
| Withdrawn status | Lost status | Source of classification or shelving scheme | Damaged status | Not for loan | Collection code | Permanent location | Current location | Shelving location | Date acquired | Total Checkouts | Full call number | Barcode | Date last seen | Price effective from | Koha item type |
|---|---|---|---|---|---|---|---|---|---|---|---|---|---|---|---|
| Koleksioni i përgjithshem | UBT - Lipjan | UBT - Lipjan | Koleksioni i përgjithshem | 02/15/2018 | 610.7306 KEL | 002-2997333 | 02/15/2018 | 02/15/2018 | Books |